[Event "XXX C.to Italiano a squadre A2.3"]
[Site "ITA"]
[Date "1998.02.22"]
[Round "1"]
[White "Bednarich, Jan"]
[Black "Gregoratti, Ivaldi"]
[WhiteElo "2200"]
[BlackElo "1993"]
[Result "1-0"]
[PlyCount "117"]
[EventDate "1998.02.22"]

1. e4 c5 2. Nf3 Nc6 3. d4 cxd4 4. Nxd4 Nf6 5. Nc3 g6 6. Nxc6 bxc6 7. e5 Nd5 8.
Nxd5 cxd5 9. Qxd5 Rb8 10. e6 Bg7 11. exf7+ Kf8 12. Bh6 Bxh6 13. Qe5 Kxf7 14.
Qxb8 Qa5+ 15. c3 Kg7 16. Qb5 Qc7 17. Be2 Bb7 18. O-O Rf8 19. Rad1 Bc6 20. Qc5
e6 21. b4 Bf4 22. g3 Rf5 23. Qe7+ Rf7 24. Qh4 Be5 25. Qc4 Qb7 26. Qa6 Qa8 27.
c4 Bg2 28. Rfe1 Bc3 29. Qa3 Bxe1 30. Rxe1 h5 31. Qc3+ Kh7 32. Qd4 Bh1 33. Bf1
a6 34. Re3 Bc6 35. Re5 Qf8 36. c5 Qh6 37. Qe3 Qf8 38. f4 Qc8 39. Bd3 Bb7 40.
Rxh5+ Kg8 41. Bxg6 Qc6 42. Bxf7+ Kxf7 43. Kf2 Qg2+ 44. Ke1 Bf3 45. Re5 Qh1+ 46.
Kd2 Qxh2+ 47. Kc1 Qh1+ 48. Qe1 Qg2 49. Kb1 Bg4 50. Re3 Bf3 51. f5 exf5 52. Re7+
Kg6 53. Rxd7 Be4+ 54. Ka1 Qc2 55. Rd6+ Kf7 56. Rxa6 Bd5 57. Ra7+ Kg6 58. Qe8+
Kg5 59. Rg7+ 1-0

[Event "XXX C.to Italiano a squadre A2.3"]
[Site "ITA"]
[Date "1998.02.22"]
[Round "1"]
[White "Ceschia, Ivano"]
[Black "Milocco, Franco"]
[WhiteElo "2315"]
[BlackElo "2350"]
[Result "1-0"]
[PlyCount "67"]
[EventDate "1998.02.22"]

1. e4 c5 2. Nf3 d6 3. d4 cxd4 4. Nxd4 Nf6 5. Nc3 Nc6 6. Bc4 Qb6 7. Nb3 e6 8.
Be3 Qc7 9. f4 a6 10. a4 b6 11. Be2 Be7 12. Bf3 Rb8 13. Qe2 O-O 14. O-O Na5 15.
Nd2 Nd7 16. Kh1 Bb7 17. Qf2 Nc6 18. Be2 Nb4 19. Rfc1 Nc5 20. Nc4 Ba8 21. Bf3
Nd7 22. Nd2 Rfe8 23. Na2 Nc6 24. b4 Bf6 25. Rab1 e5 26. f5 Qd8 27. c3 Bg5 28.
Rd1 Bxe3 29. Qxe3 Ne7 30. Nf1 Nf6 31. Ng3 a5 32. Rd2 axb4 33. Nxb4 Qc7 34. Na6
1-0

[Event "XXX C.to Italiano a squadre A2.3"]
[Site "ITA"]
[Date "1998.02.22"]
[Round "1"]
[White "Cucut, Claudio"]
[Black "Mussoni, Marcello"]
[WhiteElo "1660"]
[BlackElo "2240"]
[Result "0-1"]
[PlyCount "76"]
[EventDate "1998.02.22"]

1. c4 Nf6 2. Nc3 e6 3. g3 d5 4. cxd5 exd5 5. Bg2 c6 6. d4 Bd6 7. Nf3 O-O 8. O-O
Re8 9. a3 a5 10. Qc2 Nbd7 11. b3 Nf8 12. Bb2 g6 13. Rad1 Bf5 14. Qc1 Ne4 15.
Rfe1 Nxc3 16. Qxc3 Be4 17. Bc1 Qe7 18. Qb2 Ne6 19. a4 f5 20. Bd2 f4 21. Nh4 Rf8
22. f3 fxg3 23. fxe4 Qxh4 24. h3 dxe4 25. Qc2 Nf4 26. Bxf4 Rxf4 27. e3 Rf2 28.
Qxe4 Qf6 29. Rf1 Rf8 30. Qd3 Qg5 31. e4 Bf4 32. Rde1 Bd2 33. Re2 Qf4 34. Rexf2
gxf2+ 35. Kh1 Bb4 36. e5 Kg7 37. d5 Qxe5 38. dxc6 Bd6 0-1

[Event "XXX C.to Italiano a squadre A2.3"]
[Site "ITA"]
[Date "1998.02.22"]
[Round "1"]
[White "Pagnutti, Lorenzo"]
[Black "Laco, Giuseppe"]
[WhiteElo "1964"]
[BlackElo "2225"]
[Result "1-0"]
[PlyCount "97"]
[EventDate "1998.02.22"]

1. e4 g6 2. d4 Bg7 3. Nf3 c6 4. Bd3 d6 5. Be3 e5 6. O-O Ne7 7. Nbd2 Bg4 8. dxe5
dxe5 9. h3 Bxf3 10. Nxf3 Nd7 11. Qd2 h6 12. Rad1 Qc7 13. b4 f5 14. Qe2 f4 15.
Bc1 b5 16. Bb2 O-O 17. c4 a6 18. Qc2 Ra7 19. Rc1 Qd6 20. Qc3 g5 21. Rfd1 Qf6
22. Nh2 Ng6 23. Be2 Qe7 24. c5 Nf6 25. Rd6 Rc8 26. Ng4 Kh7 27. Nxf6+ Bxf6 28.
Bg4 Rcc7 29. Rcd1 Kg7 30. Re6 Qf8 31. Rdd6 Rf7 32. Rxc6 Rae7 33. Rxa6 Rxe6 34.
Bxe6 Re7 35. Bd5 h5 36. Qa3 Rc7 37. Ra8 Qe7 38. f3 Qd7 39. Qb3 Nh4 40. Ra6 Qd8
41. Rd6 Qf8 42. Qd3 Re7 43. Bc6 Kh7 44. Bxb5 Ng6 45. Bc4 Kh6 46. Qd5 Rg7 47.
Qe6 Be7 48. Rc6 Qb8 49. Bxe5 1-0

[Event "XXX C.to Italiano a squadre A2.3"]
[Site "ITA"]
[Date "1998.03.08"]
[Round "2"]
[White "Garano, Nicola"]
[Black "Pagnutti, Lorenzo"]
[WhiteElo "2265"]
[BlackElo "1964"]
[Result "1/2-1/2"]
[PlyCount "75"]
[EventDate "1998.02.22"]

1. e4 e5 2. Nc3 Nf6 3. g3 d5 4. exd5 Nxd5 5. Bg2 Nxc3 6. bxc3 Nc6 7. Ne2 Bc5 8.
O-O O-O 9. Bb2 Re8 10. h3 Bd7 11. d4 Bf8 12. a4 Rb8 13. Qd3 Qc8 14. g4 f5 15.
Bd5+ Kh8 16. g5 f4 17. Be4 Bxh3 18. Kh2 Bxf1 19. Rxf1 Qg4 20. Rg1 Qh5+ 21. Kg2
exd4 22. Rh1 Qxg5+ 23. Kf1 h6 24. cxd4 Rbd8 25. Qf3 Qe7 26. Bd3 Qf6 27. Nxf4
Nxd4 28. Qh5 Qxf4 29. Qg6 Re1+ 30. Kxe1 Nf3+ 31. Ke2 Ng5 32. Rxh6+ Kg8 33. Rh5
Qg4+ 34. Kf1 Qd1+ 35. Kg2 Qf3+ 36. Kf1 Qd1+ 37. Kg2 Qg4+ 38. Kf1 1/2-1/2

[Event "XXX C.to Italiano a squadre A2.3"]
[Site "ITA"]
[Date "1998.03.08"]
[Round "2"]
[White "Gregoratti, Ivaldi"]
[Black "Mocchi, Tullio"]
[WhiteElo "1993"]
[BlackElo "2390"]
[Result "0-1"]
[PlyCount "60"]
[EventDate "1998.02.22"]

1. e4 c5 2. Nf3 e6 3. c4 Nc6 4. Nc3 Nge7 5. d4 Nxd4 6. Nxd4 cxd4 7. Qxd4 Nc6 8.
Qe3 Be7 9. Be2 Qc7 10. O-O O-O 11. f4 d6 12. b3 Bf6 13. Rd1 Rd8 14. Bb2 a6 15.
Rac1 Ne7 16. g4 Ng6 17. g5 Be7 18. Qg3 d5 19. e5 dxc4 20. Bxc4 b5 21. Bd3 Bb7
22. h4 Qb6+ 23. Kh2 Bc5 24. h5 Bf2 25. Qg4 Nh4 26. Be4 b4 27. Na4 Qb5 28. Nc5
Bxc5 29. Bxb7 Qxb7 30. Rxc5 Nf3+ 0-1

[Event "XXX C.to Italiano a squadre A2.3"]
[Site "ITA"]
[Date "1998.03.08"]
[Round "2"]
[White "Lostuzzi, Manlio"]
[Black "Ceschia, Ivano"]
[WhiteElo "2380"]
[BlackElo "2315"]
[Result "1-0"]
[PlyCount "51"]
[EventDate "1998.02.22"]

1. e4 c5 2. Nf3 e6 3. Nc3 Nc6 4. Bb5 Nd4 5. a4 Nxb5 6. axb5 b6 7. O-O Bb7 8.
Re1 Nf6 9. Ra4 Qc7 10. d3 Be7 11. Bg5 a5 12. bxa6 Rxa6 13. Rxa6 Bxa6 14. e5 Nd5
15. Nxd5 exd5 16. Bxe7 Kxe7 17. Qd2 Re8 18. Qg5+ Kf8 19. Qf5 h6 20. Qh7 Re6 21.
Qh8+ Ke7 22. Qxg7 Rg6 23. Qh7 d4 24. Nh4 Rg4 25. Nf5+ Ke6 26. Nxh6 1-0

[Event "XXX C.to Italiano a squadre A2.3"]
[Site "ITA"]
[Date "1998.03.08"]
[Round "2"]
[White "Mussoni, Marcello"]
[Black "Battisti, Eugenio"]
[WhiteElo "2240"]
[BlackElo "1900"]
[Result "1-0"]
[PlyCount "47"]
[EventDate "1998.02.22"]

1. d4 Nf6 2. Nf3 b6 3. e3 e6 4. Bd3 Bb7 5. b3 d6 6. Bb2 Nbd7 7. O-O Be7 8. Nbd2
O-O 9. Re1 d5 10. c4 c5 11. Rc1 Rc8 12. Bb1 Rc7 13. Qe2 Qa8 14. cxd5 exd5 15.
Ne5 Rfc8 16. Nxd7 Nxd7 17. dxc5 bxc5 18. e4 Bf6 19. e5 Re8 20. Qd3 Rxe5 21.
Bxe5 Nxe5 22. Qxh7+ Kf8 23. Qh8+ Ke7 24. Qxa8 1-0

[Event "XXX C.to Italiano a squadre A2.3"]
[Site "ITA"]
[Date "1998.03.22"]
[Round "3"]
[White "Ceschia, Ivano"]
[Black "Luciani, Carlo"]
[WhiteElo "2315"]
[BlackElo "2240"]
[Result "1/2-1/2"]
[PlyCount "67"]
[EventDate "1998.02.22"]

1. e4 e5 2. Nf3 Nc6 3. Nc3 Nf6 4. g3 g6 5. Bg2 Bg7 6. O-O d6 7. h3 O-O 8. d3 h6
9. Be3 Be6 10. Qd2 Kh7 11. d4 d5 12. Nxe5 Nxe5 13. dxe5 Nxe4 14. Nxe4 dxe4 15.
Qc3 f5 16. exf6 Qxf6 17. Qxf6 Bxf6 18. c3 Bd5 19. Rfd1 Bc6 20. Bf4 Rf7 21. Rd2
h5 22. h4 Bxh4 23. Bxc7 Bg5 24. Bf4 Bxf4 25. gxf4 Rxf4 26. Re1 Raf8 27. Re3 Rg4
28. Rd4 Rf3 29. Rxf3 exf3 30. Rxg4 hxg4 31. Bf1 Be4 32. Kh2 Kg7 33. Kg3 Bf5 34.
Bc4 1/2-1/2

[Event "XXX C.to Italiano a squadre A2.3"]
[Site "ITA"]
[Date "1998.03.22"]
[Round "3"]
[White "Pagnutti, Lorenzo"]
[Black "Gasser, Giorgio"]
[WhiteElo "1964"]
[BlackElo "2160"]
[Result "1-0"]
[PlyCount "95"]
[EventDate "1998.02.22"]

1. e4 Nf6 2. e5 Nd5 3. d4 d6 4. c4 Nb6 5. f4 Bf5 6. Nc3 e6 7. Nf3 Nc6 8. Be3
dxe5 9. fxe5 Be7 10. d5 exd5 11. cxd5 Nb4 12. Nd4 Bg6 13. Bb5+ Kf8 14. O-O Kg8
15. Nf5 Bf8 16. Bxb6 axb6 17. a3 Qc8 18. Nh4 c6 19. dxc6 Nxc6 20. Qd5 Qd8 21.
e6 Qxd5 22. Nxd5 fxe6 23. Nc7 Bc5+ 24. Kh1 Rc8 25. Nxe6 Ne5 26. Nf5 Bxf5 27.
Rxf5 Bd6 28. Rd1 Bb8 29. Rdf1 h6 30. Nf8 Bd6 31. Nd7 Nxd7 32. Bxd7 Rc5 33. Rf7
Be5 34. Be6 Rc6 35. Re7+ Rxe6 36. Rxe6 Bxb2 37. a4 Bd4 38. Re8+ Kh7 39. Rxh8+
Kxh8 40. Rf7 Kg8 41. Rxb7 Kh7 42. g3 Kg6 43. Kg2 Kf5 44. Kf3 h5 45. Rd7 Be5 46.
h3 Ke6 47. Rb7 Bd4 48. Ke4 1-0

[Event "XXX C.to Italiano a squadre A2.3"]
[Site "ITA"]
[Date "1998.03.08"]
[Round "3"]
[White "Visintin, Roberto"]
[Black "Mussoni, Marcello"]
[WhiteElo "1890"]
[BlackElo "2240"]
[Result "1-0"]
[PlyCount "79"]
[EventDate "1998.02.22"]

1. e4 c6 2. d4 d5 3. Nd2 dxe4 4. Nxe4 Nd7 5. Ng5 Ngf6 6. Bd3 e6 7. N1f3 Bd6 8.
Qe2 h6 9. Ne4 Nxe4 10. Qxe4 Qc7 11. Bd2 b6 12. Qg4 g5 13. Qe4 Bb7 14. O-O-O
O-O-O 15. Qe2 g4 16. Ne1 h5 17. h3 Nf6 18. Kb1 Bf4 19. c3 Rhg8 20. hxg4 hxg4
21. Bxf4 Qxf4 22. g3 Qg5 23. Rh4 Rh8 24. Rxh8 Rxh8 25. Nc2 Rd8 26. Re1 c5 27.
Ba6 Qf5 28. dxc5 Qxc5 29. Nd4 Rd5 30. Rh1 Re5 31. Rh8+ Kd7 32. Bb5+ Ke7 33. Qd2
Rd5 34. Qh6 Nd7 35. Bxd7 Kxd7 36. Qh4 Qe7 37. Qxg4 Re5 38. Qg8 Re1+ 39. Kc2 e5
40. Qg4+ 1-0

[Event "XXX C.to Italiano a squadre A2.3"]
[Site "ITA"]
[Date "1998.03.22"]
[Round "3"]
[White "Vitri, Sergio"]
[Black "Gregoratti, Ivaldi"]
[WhiteElo "2105"]
[BlackElo "1993"]
[Result "0-1"]
[PlyCount "90"]
[EventDate "1998.02.22"]

1. d4 Nf6 2. Nf3 b6 3. Bg5 Bb7 4. Nbd2 d6 5. e3 Nbd7 6. Bd3 h6 7. Bh4 g5 8. Bg3
Bg7 9. Qe2 Nh5 10. O-O-O c5 11. c3 Rc8 12. Kb1 Rc7 13. Ne1 Nxg3 14. hxg3 Qb8
15. f4 Nf6 16. e4 cxd4 17. cxd4 Nd7 18. Nc2 e5 19. fxg5 exd4 20. gxh6 Be5 21.
Qf2 Nc5 22. Bb5+ Kf8 23. Nxd4 Nxe4 24. Nxe4 Bxe4+ 25. Ka1 Qc8 26. Ba4 Rxh6 27.
Rhe1 Rg6 28. Qd2 d5 29. Rh1 Rxg3 30. Qh6+ Kg8 31. Nc6 Bg7 32. Qc1 Qa6 33. Qf4
Rxg2 34. Ne7+ Kf8 35. Ng6+ Kg8 36. Ne7+ Kf8 37. Ng6+ Rxg6 38. Qxc7 Qxa4 39.
Rhg1 Rxg1 40. Rxg1 Bxb2+ 41. Kxb2 Qd4+ 42. Kb3 Qxg1 43. Qb8+ Kg7 44. Qe5+ Kg6
45. Qd6+ f6 0-1

[Event "XXX C.to Italiano a squadre A2.3"]
[Site "ITA"]
[Date "1998.04.05"]
[Round "4"]
[White "Gregoratti, Ivaldi"]
[Black "De Poi, Paolo"]
[WhiteElo "1993"]
[BlackElo "2101"]
[Result "1/2-1/2"]
[PlyCount "125"]
[EventDate "1998.02.22"]

1. e4 c5 2. Nf3 d6 3. d4 cxd4 4. Nxd4 Nf6 5. Nc3 g6 6. Be3 Bg7 7. f3 O-O 8. Bc4
Nc6 9. Qd2 Bd7 10. h4 Rc8 11. Bb3 h5 12. Nxc6 bxc6 13. Bh6 c5 14. Bc4 Qb6 15.
O-O-O Qb4 16. Bxg7 Kxg7 17. b3 a5 18. g4 hxg4 19. h5 Rh8 20. h6+ Kg8 21. e5
dxe5 22. Qg5 Bf5 23. Nb5 a4 24. fxg4 axb3 25. axb3 Be4 26. Rhe1 Bd5 27. Bxd5
Nxd5 28. Rxe5 Nc3 29. Nxc3 Qxc3 30. Rd3 Qa1+ 31. Kd2 Qg1 32. Qf4 e6 33. g5 Qg2+
34. Kc1 Rh7 35. Qf6 Qa8 36. Re1 Qa3+ 37. Kb1 c4 38. Rd8+ Rxd8 39. Qxd8+ Qf8 40.
Rd1 cxb3 41. Qa5 bxc2+ 42. Kxc2 Qc8+ 43. Kb2 Qb7+ 44. Ka1 Rh8 45. Rd8+ Kh7 46.
Rxh8+ Kxh8 47. Qe5+ f6 48. Qxf6+ Kh7 49. Qe5 Qa6+ 50. Kb2 Qb6+ 51. Kc3 Qc6+ 52.
Kd4 Qb6+ 53. Ke4 Qb1+ 54. Ke3 Qe1+ 55. Kf4 Qf2+ 56. Kg4 Qf5+ 57. Qxf5 exf5+ 58.
Kf4 Kg8 59. Ke5 Kh8 60. Kf4 Kg8 61. Kf3 Kh8 62. Kf4 Kg8 63. Ke5 1/2-1/2

[Event "XXX C.to Italiano a squadre A2.3"]
[Site "ITA"]
[Date "1998.04.05"]
[Round "4"]
[White "Mussoni, Marcello"]
[Black "Fontana, Enrico"]
[WhiteElo "2240"]
[BlackElo "1947"]
[Result "1/2-1/2"]
[PlyCount "46"]
[EventDate "1998.02.22"]

1. d4 Nf6 2. Nf3 d6 3. Nbd2 Nbd7 4. e4 e5 5. Bc4 exd4 6. Nxd4 Be7 7. O-O O-O 8.
Re1 c6 9. c3 Nc5 10. Bf1 Bg4 11. Qc2 Re8 12. f3 Bh5 13. N2b3 d5 14. e5 Bg6 15.
Qf2 Nfd7 16. Bf4 Bf8 17. Rad1 Qb6 18. Nxc5 Nxc5 19. Rd2 Ne6 20. Be3 Nxd4 21.
Rxd4 Bc5 22. Rb4 Bxe3 23. Qxe3 Qxe3+ 1/2-1/2

[Event "XXX C.to Italiano a squadre A2.3"]
[Site "ITA"]
[Date "1998.04.05"]
[Round "4"]
[White "Tamai, Roberto"]
[Black "Ceschia, Ivano"]
[WhiteElo "2305"]
[BlackElo "2315"]
[Result "0-1"]
[PlyCount "60"]
[EventDate "1998.02.22"]

1. c4 Nf6 2. g3 g6 3. Bg2 Bg7 4. Nc3 O-O 5. e4 c5 6. Nge2 Nc6 7. O-O a6 8. d3
Rb8 9. Be3 d6 10. h3 b5 11. cxb5 axb5 12. d4 Nd7 13. Rc1 b4 14. Na4 Nxd4 15.
Nxd4 cxd4 16. Bxd4 Bxd4 17. Qxd4 Qa5 18. b3 Ba6 19. Rfd1 Bb5 20. Qd5 Qa7 21.
Qd4 Qa5 22. Qd5 Qa6 23. Bf1 Ne5 24. f4 Nd7 25. Rc7 Bxf1 26. Rxf1 Nb6 27. Qc6
Qd3 28. Kg2 Nxa4 29. bxa4 b3 30. Qc3 Qxf1+ 0-1

[Event "XXX C.to Italiano a squadre A2.3"]
[Site "ITA"]
[Date "1998.04.05"]
[Round "4"]
[White "Tonon, Alessandro"]
[Black "Pagnutti, Lorenzo"]
[WhiteElo "2175"]
[BlackElo "1964"]
[Result "1-0"]
[PlyCount "55"]
[EventDate "1998.02.22"]

1. d4 d5 2. c4 c6 3. Nf3 Nf6 4. Nc3 dxc4 5. a4 Bf5 6. Ne5 e6 7. f3 Bb4 8. e4
Nxe4 9. fxe4 Qh4+ 10. Ke2 Bxe4 11. Nxe4 Qxe4+ 12. Kf2 c3 13. Be2 f6 14. Bf3
Qh4+ 15. g3 cxb2 16. Bxb2 Qh6 17. Bc1 g5 18. Bh5+ Kf8 19. Nf7 Qg7 20. Nxh8 Qxh8
21. Qb3 Na6 22. Qxe6 Qg7 23. Bxg5 fxg5 24. Kg2 Bd2 25. Rhf1+ Bf4 26. Rxf4+ gxf4
27. Rf1 Qc7 28. Rxf4+ 1-0

[Event "XXX C.to Italiano a squadre A2.3"]
[Site "ITA"]
[Date "1998.04.19"]
[Round "5"]
[White "Ceschia, Ivano"]
[Black "Zangrando, Gianpietro"]
[WhiteElo "2315"]
[BlackElo "1719"]
[Result "1-0"]
[PlyCount "81"]
[EventDate "1998.02.22"]

1. e4 e6 2. d4 d5 3. e5 c5 4. c3 Nc6 5. Nf3 Bd7 6. Be2 Rc8 7. O-O cxd4 8. cxd4
Nb4 9. Nc3 Ne7 10. a3 Nbc6 11. Bg5 a6 12. Bd3 h6 13. Bd2 b5 14. b4 Rc7 15. Ne2
Nc8 16. Nc1 Nb6 17. Nb3 Nc4 18. Nc5 Bc8 19. Bc3 Be7 20. a4 O-O 21. axb5 axb5
22. Bc2 Ra7 23. Qd3 g6 24. Rxa7 Nxa7 25. Ra1 Nc6 26. Ra8 Qc7 27. h4 Bb7 28.
Nxe6 Qd7 29. Nxf8 Bxf8 30. Ra1 Qg4 31. e6 Qxe6 32. h5 Bxb4 33. hxg6 fxg6 34.
Bxb4 Nxb4 35. Qxg6+ Qxg6 36. Bxg6 Nc6 37. Be8 Kf8 38. Bxc6 Bxc6 39. Ra6 Be8 40.
Ra7 Bc6 41. Ne5 1-0

[Event "XXX C.to Italiano a squadre A2.3"]
[Site "ITA"]
[Date "1998.04.19"]
[Round "5"]
[White "Pagnutti, Lorenzo"]
[Black "Friselle, Mirko"]
[WhiteElo "1964"]
[BlackElo "1613"]
[Result "1-0"]
[PlyCount "77"]
[EventDate "1998.02.22"]

1. e4 e6 2. d4 d5 3. e5 c5 4. c3 Nc6 5. Nf3 Qb6 6. a3 cxd4 7. cxd4 Bd7 8. Be2
Nge7 9. Nc3 Nf5 10. Na4 Qd8 11. g4 Nh4 12. Be3 Nxf3+ 13. Bxf3 Be7 14. O-O Rc8
15. Be2 Na5 16. b4 Nc4 17. Nc5 b6 18. Nxd7 Qxd7 19. Qb3 O-O 20. Rac1 Nxe3 21.
Qxe3 Rxc1 22. Rxc1 Rc8 23. Kg2 Rxc1 24. Qxc1 Bd8 25. Bd3 Qc7 26. Qe3 Be7 27. f4
h6 28. Qd2 a5 29. Kf3 g6 30. Qe1 axb4 31. axb4 Qa7 32. Qc3 Qa2 33. Bc2 Bxb4 34.
Qc8+ Kg7 35. f5 exf5 36. gxf5 Qa3+ 37. Ke2 Qc3 38. f6+ Kh7 39. Bxg6+ 1-0

[Event "XXX C.to Italiano a squadre A2.3"]
[Site "ITA"]
[Date "1998.04.19"]
[Round "5"]
[White "Vianello, Enrico"]
[Black "Gregoratti, Ivaldi"]
[WhiteElo "1687"]
[BlackElo "1993"]
[Result "1/2-1/2"]
[PlyCount "96"]
[EventDate "1998.02.22"]

1. d4 Nf6 2. Bg5 c5 3. Bxf6 gxf6 4. d5 Qb6 5. Qc1 f5 6. Nf3 Bg7 7. c3 h5 8. e3
h4 9. Nbd2 Qg6 10. Qc2 d6 11. Bd3 Bf6 12. O-O-O a6 13. Rhg1 Qh5 14. e4 f4 15.
g3 Bg4 16. Be2 fxg3 17. fxg3 h3 18. Rgf1 Nd7 19. Rde1 b5 20. Ng1 Ne5 21. Bxg4
Nxg4 22. Ndf3 c4 23. Qd2 a5 24. Ne2 b4 25. cxb4 axb4 26. Qxb4 O-O 27. Nc3 Rfb8
28. Qxc4 Qh6+ 29. Kb1 Ne3 30. Qd3 Nxf1 31. Rxf1 Ra3 32. Nd4 Qh8 33. Nb3 Ra7 34.
Rf3 Rba8 35. g4 Bxc3 36. Qxc3 Qxc3 37. Rxc3 Rxa2 38. Rxh3 R2a4 39. Re3 Kg7 40.
Nd2 Ra1+ 41. Kc2 Rg1 42. h3 Rc8+ 43. Kd3 Rgc1 44. Ke2 R8c2 45. b3 Rb2 46. Kd3
Rd1 47. Re2 Rxb3+ 48. Kc2 Rxd2+ 1/2-1/2

[Event "XXX C.to Italiano a squadre A2.5"]
[Site "ITA"]
[Date "1998.03.08"]
[Round "2"]
[White "Bastarelli, Giuseppe"]
[Black "Patelli, Alessandro"]
[WhiteElo "1950"]
[BlackElo "2235"]
[Result "0-1"]
[PlyCount "102"]
[EventDate "1998.02.22"]

1. e4 c5 2. Nf3 d6 3. Nc3 Nc6 4. d4 cxd4 5. Nxd4 Nf6 6. Be2 e6 7. O-O Be7 8.
Kh1 a6 9. f4 Qc7 10. Bf3 O-O 11. Nb3 Rb8 12. a4 b5 13. axb5 axb5 14. Be3 b4 15.
Ne2 Bb7 16. g4 Ra8 17. Rxa8 Rxa8 18. g5 Nd7 19. Ng3 g6 20. Bg2 Na5 21. Nxa5
Rxa5 22. f5 exf5 23. exf5 Bxg2+ 24. Kxg2 Qc6+ 25. Kg1 Bd8 26. Qe2 Ne5 27. b3
Ra2 28. fxg6 hxg6 29. Rf2 Ra1+ 30. Nf1 Qc3 31. Kg2 Kg7 32. h3 Ra2 33. Ng3 Qc6+
34. Kh2 Qd5 35. Bf4 Bb6 36. Bxe5+ dxe5 37. Rg2 Qd4 38. Ne4 Ra1 39. Qf3 Re1 40.
Qf6+ Kg8 41. Nd6 Qf4+ 42. Qxf4 exf4 43. Rd2 f3 44. Kg3 f2 45. Rxf2 Bc7 46. Rf6
Re6 47. Rxe6 fxe6 48. h4 Bxd6+ 49. Kg4 e5 50. h5 gxh5+ 51. Kxh5 e4 0-1

[Event "XXX C.to Italiano a squadre A2.5"]
[Site "ITA"]
[Date "1998.03.08"]
[Round "2"]
[White "Campini, Marco"]
[Black "Gaggiottini, Manfredo"]
[WhiteElo "2175"]
[BlackElo "2105"]
[Result "0-1"]
[PlyCount "96"]
[EventDate "1998.02.22"]

1. e4 c6 2. d4 d5 3. Nd2 dxe4 4. Nxe4 Nf6 5. Nxf6+ exf6 6. Nf3 Bd6 7. Be2 Bf5
8. O-O Qc7 9. Bd3 Bg4 10. Re1+ Kf8 11. h3 Bh5 12. Qe2 Nd7 13. Bd2 g5 14. Bf5
Bg6 15. Qe4 Kg7 16. c4 Rhe8 17. Qc2 c5 18. d5 Ne5 19. Nxe5 Bxe5 20. Rab1 Re7
21. b4 Bd4 22. Rxe7 Qxe7 23. Re1 Qc7 24. b5 a6 25. a4 axb5 26. axb5 Ra3 27.
Bxg6 hxg6 28. Be3 Bxe3 29. fxe3 Qa5 30. Qd1 Ra2 31. Rf1 Rd2 32. Qa1 Qb6 33. Qc3
Ra2 34. e4 Qd6 35. Qb3 Ra8 36. Qd3 g4 37. hxg4 Rh8 38. Qf3 Qh2+ 39. Kf2 Ra8 40.
Re1 Qh4+ 41. g3 Ra2+ 42. Re2 Qh2+ 43. Kf1 Qh3+ 44. Qg2 Ra1+ 45. Kf2 Qxg4 46.
Qf3 Qh3 47. Qg2 Qh5 48. Qf3 Rf1+ 0-1

[Event "XXX C.to Italiano a squadre A2.5"]
[Site "ITA"]
[Date "1998.03.08"]
[Round "2"]
[White "Gesualdo, Massimo"]
[Black "Mogranzini, Roberto"]
[WhiteElo "1926"]
[BlackElo "1870"]
[Result "1-0"]
[PlyCount "85"]
[EventDate "1998.02.22"]

1. d4 Nf6 2. c4 g6 3. Nc3 Bg7 4. e4 d6 5. Nge2 O-O 6. Ng3 e5 7. d5 Nbd7 8. Be2
a5 9. h4 h5 10. Bg5 Nc5 11. Bxh5 gxh5 12. Nxh5 Kh8 13. f3 Rg8 14. Qd2 Ncd7 15.
g4 Qf8 16. Nxg7 Qxg7 17. Bh6 Qh7 18. h5 Nc5 19. g5 Nfxe4 20. fxe4 Bg4 21. Qe3
f5 22. g6 Qd7 23. Qg5 Rge8 24. Qf6+ Kg8 25. Bg5 Rf8 26. h6 Rxf6 27. Bxf6 Qh7
28. gxh7+ Kxh7 29. Kd2 Rf8 30. Bg7 Rf7 31. exf5 Rxf5 32. Raf1 Bf3 33. Ke3 e4
34. Bd4 Rg5 35. Rfg1 Rxg1 36. Rxg1 Nd3 37. Nxe4 Bxe4 38. Kxe4 Nb4 39. Kf5 Nd3
40. Rg7+ Kxh6 41. Rg8 Ne5 42. Bxe5 dxe5 43. Kxe5 1-0

[Event "XXX C.to Italiano a squadre A2.5"]
[Site "ITA"]
[Date "1998.03.08"]
[Round "2"]
[White "Gorelli Fagiolini, Marco"]
[Black "Antonelli, Marco"]
[WhiteElo "2235"]
[BlackElo "1972"]
[Result "1-0"]
[PlyCount "87"]
[EventDate "1998.02.22"]

1. d4 d5 2. c4 dxc4 3. e3 e5 4. Bxc4 exd4 5. exd4 Nf6 6. Nf3 Be7 7. O-O O-O 8.
Ne5 Nc6 9. Nxc6 bxc6 10. Nc3 c5 11. dxc5 Qxd1 12. Rxd1 Bxc5 13. Bf4 Bb6 14. Nd5
Nxd5 15. Bxd5 Bg4 16. Bxa8 Bxd1 17. Rxd1 Rxa8 18. Rc1 Rd8 19. Kf1 Rd7 20. Ke2
Kf8 21. b4 Rd4 22. Bxc7 Bxc7 23. Rxc7 a5 24. bxa5 Ra4 25. Rc2 Rxa5 26. Kd3 Ke7
27. Kc4 Rh5 28. h3 Rg5 29. g3 Rh5 30. h4 Re5 31. a4 g5 32. hxg5 Rxg5 33. Kb4
Kd6 34. a5 h5 35. a6 Rg8 36. a7 Ra8 37. Ra2 Kc6 38. Kc4 Kb7 39. Kd5 Rd8+ 40.
Ke5 Ka8 41. Kf6 Rd7 42. Ra5 Rd2 43. Rf5 Rd7 44. Kg7 1-0

[Event "XXX C.to Italiano a squadre A2.5"]
[Site "ITA"]
[Date "1998.03.08"]
[Round "2"]
[White "Miandro, Roberto"]
[Black "Leoncini, Mario"]
[WhiteElo "1699"]
[BlackElo "2170"]
[Result "0-1"]
[PlyCount "116"]
[EventDate "1998.02.22"]

1. c4 e6 2. b3 d5 3. Nf3 Nf6 4. Bb2 Be7 5. g3 O-O 6. Bg2 Nbd7 7. O-O Re8 8. d3
c5 9. e3 b6 10. Nbd2 Bb7 11. Rc1 Bf8 12. Qe2 dxc4 13. dxc4 Qc7 14. Rfd1 Rad8
15. e4 e5 16. Ne1 Nb8 17. Nc2 Nc6 18. Ne3 Nd4 19. Qf1 g6 20. Nd5 Qd6 21. Bxd4
cxd4 22. Qd3 Nd7 23. Qf3 Bg7 24. g4 f6 25. Rc2 Rf8 26. Qh3 Rf7 27. Rb1 a5 28.
c5 bxc5 29. Nc4 Qa6 30. Bf1 Qa8 31. Nd6 Bxd5 32. exd5 Rff8 33. Bg2 Nb6 34. Ne4
Nxd5 35. Qg3 Qa7 36. Nxc5 Nf4 37. Nd3 Nxg2 38. Qxg2 Bh6 39. Rc4 Rfe8 40. Qc6
Qd7 41. Qxd7 Rxd7 42. Nc5 Rd5 43. Ne4 Bg7 44. Rc6 f5 45. gxf5 gxf5 46. Nd6 Rf8
47. Nc8 Rdd8 48. Nb6 e4 49. Rbc1 f4 50. Rc8 Rxc8 51. Nxc8 e3 52. Ne7+ Kf7 53.
Nd5 Ke6 54. Nc7+ Ke5 55. Re1 f3 56. Kh1 e2 57. Nb5 d3 58. Na3 Rc8 0-1

[Event "XXX C.to Italiano a squadre A2.5"]
[Site "ITA"]
[Date "1998.03.08"]
[Round "2"]
[White "Rago, Riccardo"]
[Black "Marchini, Massimo"]
[WhiteElo "2195"]
[BlackElo "2195"]
[Result "1-0"]
[PlyCount "105"]
[EventDate "1998.02.22"]

1. e4 c5 2. Nf3 e6 3. d3 Nc6 4. g3 d6 5. Bg2 g6 6. O-O Bg7 7. Nc3 Nge7 8. h4
O-O 9. h5 Nd4 10. Ne2 e5 11. c3 Nxf3+ 12. Bxf3 d5 13. hxg6 hxg6 14. Bg2 Bg4 15.
Qc2 Qd7 16. f3 Be6 17. Be3 Rac8 18. Rfd1 d4 19. Bf2 f5 20. c4 fxe4 21. dxe4 Nc6
22. Nc1 b5 23. cxb5 Nb4 24. Qe2 c4 25. a3 d3 26. axb4 dxe2 27. Rxd7 Bxd7 28.
Nxe2 Bxb5 29. Rxa7 Rf7 30. Ra5 Rb8 31. Nc3 Bd7 32. b5 Bf8 33. b6 Bg7 34. Nd5
Bh6 35. Ra7 Kg7 36. Rc7 Bc1 37. b3 c3 38. Rxc3 Bd2 39. Rc2 Bg5 40. Rc3 Bd8 41.
f4 Bf6 42. Nxf6 Kxf6 43. fxe5+ Kxe5 44. Be3 Be6 45. Bf4+ Rxf4 46. gxf4+ Kxf4
47. Rc6 Ke5 48. b4 g5 49. Kf2 Bd7 50. Rc7 Bc8 51. Ke3 Bb7 52. Re7+ Kf6 53. Rxb7
1-0

[Event "XXX C.to Italiano a squadre A2.5"]
[Site "ITA"]
[Date "1998.03.08"]
[Round "2"]
[White "Raiano, Andrea"]
[Black "Paci, Daniele"]
[WhiteElo "2230"]
[BlackElo "1813"]
[Result "1-0"]
[PlyCount "145"]
[EventDate "1998.02.22"]

1. e4 e5 2. Nc3 Nc6 3. Bc4 d6 4. d3 Nd4 5. Nge2 Bg4 6. f3 Qh4+ 7. Ng3 Bd7 8.
Nd5 O-O-O 9. c3 f5 10. cxd4 f4 11. Qb3 fxg3 12. h3 Ne7 13. Be3 exd4 14. Bxd4 c5
15. Nxe7+ Qxe7 16. Bd5 Be8 17. Bc3 h5 18. f4 Rh7 19. Ba5 b6 20. Bc3 g6 21. Bg8
Bf7 22. Bxf7 Rxf7 23. Qd5 Kb8 24. O-O Bh6 25. f5 Be3+ 26. Kh1 Rdf8 27. Rf3 Bh6
28. f6 Qd7 29. e5 Re8 30. Re1 Qe6 31. Qe4 g5 32. exd6 Qxe4 33. dxe4 g4 34. Rf5
gxh3 35. gxh3 Bf8 36. e5 Re6 37. Rxh5 b5 38. Rh8 Kc8 39. Kg2 Kd7 40. Kxg3 b4
41. Bd2 a5 42. Kg4 Bxd6 43. exd6 Rexf6 44. Bg5 Rxd6 45. Rd8+ Kc7 46. Rxd6 Kxd6
47. Rd1+ Ke5 48. h4 Rf2 49. Rd2 Rf1 50. h5 Rg1+ 51. Kh4 Rh1+ 52. Kg3 Rxh5 53.
Kg4 Rh7 54. Be3 Rg7+ 55. Kf3 Rf7+ 56. Ke2 Rc7 57. Rd8 Ke4 58. Ra8 Kd5 59. Rxa5
Rh7 60. Rxc5+ Kd6 61. Kd3 Re7 62. Rb5 Kc6 63. Rxb4 Rh7 64. a4 Rh8 65. a5 Ra8
66. Rb6+ Kc7 67. b4 Rd8+ 68. Bd4 Ra8 69. Rh6 Kb7 70. Kc4 Rc8+ 71. Bc5 Ka8 72.
b5 Rg8 73. b6 1-0